[Event "Extraliga CZE"]
[Site "Ostrava CZE"]
[Date "2000.03.18"]
[Round "10"]
[White "Movsesian,S"]
[Black "Jakubiec,A"]
[Result "1-0"]
[WhiteElo "2659"]
[BlackElo "2453"]

1.e4 c5 2.Nc3 Nc6 3.Nge2 Nf6 4.g3 d5 5.exd5 Nd4 6.Bg2 Bg4 7.h3 Bf3 8.Bxf3 Nxf3+
9.Kf1 Nd4 10.Nxd4 cxd4 11.Nb5 Rc8 12.Nxd4 Qxd5 13.Nf3 Qc4+ 14.d3 Qxc2 15.Qxc2 Rxc2
16.Nd4 Rc8 17.Ke2 e6 18.Bd2 Bd6 19.Nb5 Bb8 20.Bc3 Ke7 21.a4 h5 22.h4 Rhd8
23.Rhc1 g6 24.Ba5 Rg8 25.Bd2 Nd5 26.Nc3 Be5 27.a5 Rc6 28.Ra3 Rb8 29.Rb3 Kd7
30.Kf3 Bc7 31.Ra1 a6 32.Ra4 Nxc3 33.bxc3 Rc5 34.c4 Kc6 35.d4 Rf5+ 36.Ke3 Rd8
37.f4 Rd7 38.Ke4 Bd8 39.Bc3 Kc7 40.Rb1 Kc8 41.Ra2 Rc7 42.Ra4 Be7 43.Rd1 Rc6
44.Rd3 Bf6 45.Bd2 Rc7 46.d5 exd5+ 47.cxd5 Re7+ 48.Kf3 Rd7 49.Rc4+ Kb8 50.d6 Bd8
51.Re4 Bxa5 52.Bxa5 Rxa5 53.Re8+ Ka7 54.Re7 Rd8 55.Rxf7 Rf5 56.Rg7 Rf6 57.Rb3 Rb8
58.d7 Rd6 59.Ke4 Rd8 60.Rd3 Rc6 61.Ke5 a5 62.Rd6 a4 63.Rxc6 bxc6 64.Kd6  1-0

[Event "NED-chT"]
[Site "Leeuwarden NED"]
[Date "2000.03.19"]
[Round "6"]
[White "Bertholee,R"]
[Black "Langeweg,K"]
[Result "1/2-1/2"]
[WhiteElo "2343"]
[BlackElo "2290"]

1.e4 c5 2.Nc3 Nc6 3.Nf3 e6 4.Bb5 Nge7 5.O-O Nd4 6.b3 a6 7.Bd3 Nec6 8.Bb2 Nb4
9.Ne1 Nxd3 10.Nxd3 d6 11.Ne2 e5 12.f4 Bg4 13.Bxd4 exd4 14.f5 d5 15.Nf2 Qg5
16.Nxg4 Qxg4 17.Rf4 Qg5 18.exd5 O-O-O 19.Rf3 Rxd5 20.Ng3 Bd6 21.Qe2 Bxg3
22.Rxg3 Qf6 23.Qg4 d3 24.c3 Re8 25.Qxg7 Qxg7 26.Rxg7 Re2 27.Rd1 Rxf5 28.Rxh7 Rff2
29.Rg7 Rxd2 30.Rxd2 Rxd2 31.Rg3 b5 32.c4 bxc4 33.bxc4 Rxa2 34.Rxd3 Rc2 35.h4 Rxc4
36.h5 Rg4 37.h6 Rg8 38.Rc3 Rh8 39.Rxc5+ Kd7 40.Rh5 Ke7 41.Kf2 Kf6 42.g4 Kg6
43.Ra5 Rxh6 44.Rxa6+ Kg5 45.Rxh6 Kxh6 46.Kf3 Kg5 47.Kg3 f5 48.gxf5 Kxf5  1/2-1/2

[Event "Ciocaltea Mem"]
[Site "Bucharest ROM"]
[Date "2000.03.20"]
[Round "7"]
[White "Svetushkin,D"]
[Black "Rogozenko,D"]
[Result "1/2-1/2"]
[WhiteElo "2486"]
[BlackElo "2562"]

1.e4 c5 2.Nc3 Nc6 3.Nge2 g6 4.d4 cxd4 5.Nxd4 Bg7 6.Be3 Nf6 7.Bc4 O-O 8.Bb3 d6
9.f3 Bd7 10.Qd2 Nxd4 11.Bxd4 b5 12.h4 a5 13.a4 bxa4 14.Nxa4 Be6 15.Nb6 Ra6
16.Nd5 Bxd5 17.exd5 Qc7 18.Ra4 Rb8 19.h5 Qc8 20.hxg6 hxg6 21.Bc3 Qf5 22.Rah4 a4
23.Bc4 Rab6 24.Be2 Rxb2 25.Bxb2 Rxb2 26.Rxa4 Rxc2 27.g4 Qc8 28.Qd3 Nxd5 29.Qxd5 Rxe2+
30.Kxe2 Qc2+ 31.Qd2 Qxa4 32.Rc1 Be5 33.Rc7 Qb5+ 34.Qd3 Qb2+ 35.Qd2 Qxd2+
36.Kxd2 Kf8 37.Ke3 f5 38.gxf5 gxf5 39.Rb7 Kf7 40.Rb5 Ke6 41.Ra5 Bh2 42.Rb5 Kf6
43.f4 e5 44.fxe5+ dxe5 45.Rb6+ Kg5 46.Re6 Bg1+ 47.Kf3 Bd4 48.Re8 Bb2 49.Re6 Kh5
50.Re8 Kg6 51.Re6+ Kf7 52.Rc6 Ba3 53.Ra6 Be7 54.Rb6 Bg5 55.Rb4 Ke6 56.Ra4 Bd2
57.Ke2 Bc3 58.Kd3 Bb2 59.Ra6+ Kf7 60.Rc6 Bd4 61.Kc4 Bf2 62.Kd5 e4 63.Ke5 e3
64.Kxf5 e2 65.Re6  1/2-1/2

[Event "21st Open A"]
[Site "Bled SLO"]
[Date "2000.03.25"]
[Round "1"]
[White "Furlan,M"]
[Black "Bu Xiangzhi"]
[Result "0-1"]
[WhiteElo "2362"]
[BlackElo "2565"]

1.e4 c5 2.Nc3 Nc6 3.Nf3 d6 4.d4 cxd4 5.Nxd4 Nf6 6.Bb5 Bd7 7.Bg5 e6 8.Bxc6 bxc6
9.Qf3 Rc8 10.O-O-O h6 11.Bh4 Be7 12.Nb3 e5 13.Bxf6 gxf6 14.g4 Be6 15.h3 Qb6
16.Nd2 a5 17.Kb1 Ra8 18.Nf1 a4 19.Ka1 Kd7 20.Ng3 Rhb8 21.Rb1 Ra5 22.Rhd1 Kc7
23.Nh5 Rc5 24.a3 Qa6 25.Ng7 Qa5 26.Qd3 Bf8 27.Nh5 Be7 28.Ng7 Rd8 29.Na2 d5
30.Nb4 Rc4 31.exd5 cxd5 32.c3 Qb5 33.Nc2 Qb3 34.Qd2 d4 35.Nxe6+ fxe6 36.Qe2 dxc3
37.Rxd8 Kxd8 38.Rd1+ Ke8 39.bxc3 Qxc3+ 40.Kb1 Qb3+  0-1

[Event "21st Open A"]
[Site "Bled SLO"]
[Date "2000.03.25"]
[Round "1"]
[White "Podlesnik,B"]
[Black "Kragelj,I"]
[Result "1/2-1/2"]
[WhiteElo "2415"]
[BlackElo "2214"]

1.e4 c5 2.Nc3 Nc6 3.Nge2 e6 4.g3 d5 5.exd5 exd5 6.Bg2 d4 7.Nd5 Bd6 8.d3 Nge7
9.Nef4 Nxd5 10.Nxd5 O-O 11.O-O Bf5 12.h3 Qd7 13.g4 Be6 14.Nf4 Bxf4 15.Bxf4 Bd5
16.f3 Rfe8 17.Qd2 Re6 18.a3 Rae8 19.Rae1 Ne5 20.Bg3 Qc6 21.f4 Nf3+ 22.Bxf3 Bxf3
23.Rxe6 Rxe6 24.Re1 Rxe1+ 25.Qxe1 h5 26.gxh5 Bxh5 27.Kh2 Qf3 28.Qf2 Qxf2+
29.Bxf2 Bd1 30.c3 Be2 31.cxd4 cxd4 32.Bxd4 a6 33.f5 Bxd3 34.f6 gxf6 35.Bxf6 Kh7
36.Kg3 Kg6 37.Bc3 Be2 38.Kf4 Bf1 39.h4 Be2  1/2-1/2

[Event "21st Open A"]
[Site "Bled SLO"]
[Date "2000.03.30"]
[Round "6"]
[White "Semrl,M"]
[Black "Jankovic,A"]
[Result "0-1"]
[WhiteElo "2209"]
[BlackElo "2320"]

1.Nc3 c5 2.e4 Nc6 3.Bb5 g6 4.Bxc6 dxc6 5.d3 Bg7 6.f4 Nf6 7.Nf3 b5 8.Ne5 Nd7
9.Nf3 b4 10.Ne2 c4 11.d4 Nf6 12.Ng3 e6 13.Qe2 Qb6 14.c3 O-O 15.O-O bxc3 16.bxc3 Qa5
17.Qb2 Qc7 18.Qa3 Bb7 19.Re1 Rfc8 20.e5 Nd5 21.Ne4 Bf8 22.Nd6 Rd8 23.Rb1 Nb6
24.Qa5 Bxd6 25.exd6 Qxd6 26.Qg5 Rd7 27.Ne5 Rc7 28.f5 exf5 29.Nf3 Nd5 30.Qh6 Re7
31.Bg5 Rxe1+ 32.Rxe1 f6 33.Bd2 Qf8 34.Qh4 Re8 35.Rb1 Qf7 36.Qg3 Bc8 37.Rb8 Qc7
38.Qxc7 Nxc7 39.Bh6 Ba6 40.Rb4 Bb5 41.a4 Ba6 42.Bd2 Nd5 43.Rb1 g5 44.Kf2 f4
45.h3 Kf7 46.Ne1 h5 47.Nc2 Bc8 48.Nb4 Bf5 49.Re1 Rxe1 50.Bxe1 Nxb4 51.cxb4 Ke6
52.Ke2 Kd5  0-1

[Event "AUT Staatsliga Qualifier"]
[Site "Linz AUT"]
[Date "2000.03.31"]
[Round "1"]
[White "Naumann,A"]
[Black "Wegener,D"]
[Result "1/2-1/2"]
[WhiteElo "2495"]
[BlackElo "2307"]

1.e4 c5 2.Nf3 Nc6 3.Nc3 g6 4.d4 cxd4 5.Nxd4 Bg7 6.Be3 Nf6 7.Be2 O-O 8.O-O d5
9.exd5 Nxd5 10.Nxd5 Nxd4 11.Bxd4 Qxd5 12.Bxg7 Qxd1 13.Rfxd1 Kxg7 14.Rd2 Bf5
15.Rad1 Rac8 16.c3 Be6 17.Rd4 Rc5 18.a3 Rfc8 19.f4 h5 20.Kf2 R8c7 21.Bf3 a5
22.R1d2 b5 23.Ke3 Bc4 24.Bd5 e6 25.Bf3 e5 26.fxe5 Rxe5+ 27.Kf2 Be6 28.Rd8 g5
29.h3 g4 30.hxg4 hxg4 31.Bd5 Bxd5 32.R8xd5 Rxd5 33.Rxd5 b4 34.axb4 axb4 35.cxb4 Rc2+
36.Kg3 Rxb2 37.Rg5+ Kf6 38.Rxg4 Ke5 39.Rc4 Rb3+ 40.Kh4 f5 41.g3 Kd5 42.Rc5+ Ke6
43.Rb5 Kf6 44.Rb8 Ke5 45.b5 Kf6 46.b6 Kg6 47.Rb7 Kf6 48.Rb8 Kg6 49.b7 Kg7
50.Kh5 Kh7 51.Kg5 Rxg3+ 52.Kxf5 Rb3  1/2-1/2

[Event "Open"]
[Site "Bad Wildbad GER"]
[Date "2000.04.01"]
[Round "1"]
[White "Chapman,Al"]
[Black "Henrichs,T"]
[Result "0-1"]
[WhiteElo "2009"]
[BlackElo "2428"]

1.e4 c5 2.Nc3 Nc6 3.Nf3 e6 4.g3 a6 5.Bg2 Nf6 6.O-O Qc7 7.Re1 d6 8.d4 cxd4
9.Nxd4 Rb8 10.a3 Be7 11.Nxc6 bxc6 12.b3 O-O 13.Bb2 e5 14.Qe2 a5 15.Nd1 Bg4
16.Qf1 Be6 17.Ne3 d5 18.f4 exf4 19.gxf4 dxe4 20.Be5 Qb6 21.Kh1 Rbd8 22.f5 Bc8
23.Qf4 Qc5 24.b4 axb4 25.axb4 Qxb4 26.c3 Qc5 27.Bd4 Qd6 28.Be5 Qd7 29.Red1 Qe8
30.Rg1 Nh5 31.Qxe4 Bf6 32.Ng4 Bxe5 33.Nxe5 Rd5 34.Nxc6 Qxc6 35.Qxd5 Ng3+  0-1

[Event "FSGM April"]
[Site "Budapest HUN"]
[Date "2000.04.02"]
[Round "2"]
[White "Fogarasi,T"]
[Black "Berkvens,J"]
[Result "1/2-1/2"]
[WhiteElo "2429"]
[BlackElo "2297"]

1.e4 c5 2.Nc3 Nc6 3.Nf3 d6 4.d4 cxd4 5.Nxd4 Nf6 6.Bg5 Bd7 7.Be2 e6 8.Ndb5 Qb8
9.a4 a6 10.Na3 Qc7 11.O-O Be7 12.Nc4 Rd8 13.Be3 Qb8 14.Bb6 Rc8 15.f4 Nb4
16.Bd4 Bc6 17.Bxf6 gxf6 18.f5 d5 19.fxe6 fxe6 20.Bh5+ Kd8 21.Kh1 Kc7 22.exd5 Nxd5
23.Bf3 Rcd8 24.Qe1 Qc8 25.Qg3+ e5 26.Nxd5+ Bxd5 27.Bxd5 Rxd5 28.Qb3 Qd8 29.Ne3 Rd7
30.Rad1 Kb8 31.Qe6 Rd6 32.Rxd6 Qxd6 33.Qxd6+ Bxd6 34.Rxf6 Bc5 35.Nd5  1/2-1/2

[Event "FSIMA April"]
[Site "Budapest HUN"]
[Date "2000.04.04"]
[Round "4"]
[White "Dembo,Y"]
[Black "Atakisi,U"]
[Result "1/2-1/2"]
[WhiteElo "2269"]
[BlackElo "2274"]

1.e4 c5 2.Nf3 Nc6 3.Nc3 Nf6 4.d4 cxd4 5.Nxd4 e5 6.Ndb5 d6 7.Bg5 a6 8.Na3 b5
9.Nd5 Be7 10.Bxf6 Bxf6 11.c3 Ne7 12.Nxf6+ gxf6 13.Bd3 Bb7 14.Qe2 d5 15.O-O-O Qb6
16.f4 f5 17.exd5 e4 18.d6 Ng6 19.Rhf1 O-O-O 20.Bc2 Rxd6 21.Rxd6 Qxd6 22.g3 Bd5
23.Rd1 Qc5 24.Bb3 Bxb3 25.axb3 Rd8 26.Rxd8+ Kxd8 27.Nc2 Qg1+ 28.Qd1+ Qxd1+
29.Kxd1 Kd7 30.c4 Kd6 31.Kd2 Kc5 32.Kc3 a5 33.Ne3 Ne7 34.g4  1/2-1/2

[Event "FSIMA April"]
[Site "Budapest HUN"]
[Date "2000.04.06"]
[Round "6"]
[White "Dembo,Y"]
[Black "Orso,M"]
[Result "1/2-1/2"]
[WhiteElo "2269"]
[BlackElo "2341"]

1.e4 c5 2.Nf3 Nc6 3.Nc3 e5 4.Bc4 Be7 5.d3 d6 6.Nd2 Nf6 7.Nf1 Bg4 8.f3 Be6
9.Ne3 O-O 10.O-O Nd4 11.a4 Ne8 12.Ncd5 Bg5 13.c3 Nc6 14.Bd2 Kh8 15.b4 cxb4
16.cxb4 Rc8 17.b5 Nd4 18.Rc1 Nf6 19.Nxf6 Qxf6 20.Re1 Qg6 21.Bxe6 Rxc1 22.Bxc1 fxe6
23.Kh1 Bf4 24.Nc4 Qh5 25.Bxf4 Rxf4 26.Ne3 h6 27.Nf1 Rf8 28.Ne3 Kh7  1/2-1/2

[Event "FSGM April"]
[Site "Budapest HUN"]
[Date "2000.04.07"]
[Round "7"]
[White "Horvath,Cs"]
[Black "Kahn,E"]
[Result "1-0"]
[WhiteElo "2519"]
[BlackElo "2301"]

1.e4 c5 2.Nc3 Nc6 3.Bb5 Nd4 4.Bc4 e6 5.Nf3 Nxf3+ 6.Qxf3 Ne7 7.d3 Nc6 8.Qg3 a6
9.O-O d6 10.Kh1 Nd4 11.Bb3 h5 12.f4 h4 13.Qh3 g6 14.Be3 Bg7 15.Rae1 O-O 16.Bf2 b5
17.Bxh4 Qd7 18.f5 exf5 19.exf5 Nxf5 20.Nd5 Nd4 21.Qxd7 Bxd7 22.Nb6 Nxb3 23.Nxd7 Nd4
24.c3 Nf5 25.Nxf8 Nxh4 26.Nd7 Nf5 27.g4 Nh4 28.Re7 f5 29.g5 f4 30.Rxf4 Nf5
31.Re6 Kf7 32.Rxd6 Re8 33.Rxa6 Re1+ 34.Kg2 Re2+ 35.Rf2 Re1 36.Nxc5 Ke7 37.Ra7+  1-0

[Event "Open"]
[Site "Dos Hermanas ESP"]
[Date "2000.04.07"]
[Round "1"]
[White "Suba,M"]
[Black "Ruiz Jimenez,F"]
[Result "1-0"]
[WhiteElo "2510"]
[BlackElo "2012"]

1.e4 c5 2.Nc3 Nc6 3.Nge2 g6 4.d4 cxd4 5.Nxd4 Bg7 6.Be3 Nf6 7.Be2 O-O 8.Nb3 d5
9.exd5 Nb4 10.Bf3 Bg4 11.Bxg4 Nxg4 12.Qxg4 Nxc2+ 13.Ke2 Nxa1 14.Rxa1 Bxc3
15.bxc3 Qxd5 16.Rd1 Qb5+ 17.c4 Qa4 18.Nc5 Qxa2+ 19.Rd2 Qb1 20.Qd4 Qb6 21.Rb2 Rfd8
22.Qe5 Qc6 23.Rxb7 Qxg2 24.Rxe7 Qg4+ 25.f3 Qxc4+ 26.Kf2 Qh4+ 27.Kg2 Qe1 28.Ne4 Qe2+
29.Kg3 Qe1+ 30.Bf2 Qd1 31.Nf6+ Kf8 32.Re8+ Rxe8 33.Bc5+ Kg7 34.Nh5+  1-0

[Event "Estonian Club Cup 2nd leg"]
[Site "Tallinn EST"]
[Date "2000.04.07"]
[Round "?"]
[White "Raud,R"]
[Black "Karner,H"]
[Result "1-0"]
[WhiteElo "2343"]
[BlackElo "2296"]

1.e4 c5 2.Nf3 Nc6 3.Nc3 Nf6 4.Bb5 Nd4 5.e5 Nxb5 6.Nxb5 Nd5 7.Ng5 f6 8.exf6 Nxf6
9.Qe2 d5 10.Qe5 Ng4 11.Qf4  1-0

[Event "Val Zemitis IM"]
[Site "San Francisco USA"]
[Date "2000.04.12"]
[Round "7"]
[White "Cela,A"]
[Black "Reizniece,D"]
[Result "1/2-1/2"]
[WhiteElo "2527"]
[BlackElo "2259"]

1.e4 c5 2.Nf3 Nc6 3.Nc3 d6 4.d4 cxd4 5.Nxd4 e5 6.Nf5 Bxf5 7.exf5 Qd7 8.g4 h5
9.Bh3 hxg4 10.Bxg4 Nf6 11.Bg5 Nxg4 12.Qxg4 Nd4 13.O-O-O Nxf5 14.f4  1/2-1/2

[Event "Women's Open"]
[Site "St Petersburg RUS"]
[Date "2000.04.12"]
[Round "6"]
[White "Rubzova,T"]
[Black "Guseva,O"]
[Result "1-0"]
[WhiteElo "2252"]
[BlackElo "2135"]

1.e4 c5 2.Nc3 Nc6 3.Nf3 d6 4.g3 g6 5.d4 cxd4 6.Nxd4 Bg7 7.Nde2 Bg4 8.Bg2 Nf6
9.O-O O-O 10.h3 Bd7 11.Nd5 Ne5 12.Nd4 Rc8 13.c3 Bc6 14.Kh2 Nfd7 15.Qe2 Bxd5
16.exd5 Rc5 17.Be3 Rc8 18.Rad1 Qa5 19.a3 Nf6 20.Bc1 Rfe8 21.Rfe1 Qc5 22.Qc2 Nc4
23.Qb3 Nb6 24.Nb5 a6 25.Na7 Rc7 26.Be3 Qc4 27.Qxb6 Nd7 28.Qb4 Ra8 29.Nc6 Qxb4
30.Nxb4 a5 31.Nc2 Ne5 32.Bd4 b5 33.Re2 Nc4 34.Bxg7 Kxg7 35.Nd4 Rb8 36.Nc6 Rbb7
37.b3 Nxa3 38.Nxa5 Rb6 39.Nc6 b4 40.c4 Kf8 41.Nd4 Ke8 42.Be4 Kd7 43.Bd3 Kc8
44.Rde1 Rbb7 45.f4 Kd8 46.g4 Ke8 47.f5 Kf8 48.fxg6 hxg6 49.Rf2 Kg8 50.g5 Rc8
51.Ref1  1-0

[Event "Women's Open"]
[Site "St Petersburg RUS"]
[Date "2000.04.13"]
[Round "7"]
[White "Grigoreiva,E"]
[Black "Razuvajeva,J"]
[Result "0-1"]
[WhiteElo "2110"]
[BlackElo "2192"]

1.e4 c5 2.Nf3 Nc6 3.Nc3 e5 4.Bc4 Be7 5.d3 Nf6 6.Ng5 O-O 7.f4 exf4 8.Bxf4 d6
9.O-O h6 10.Nf3 Be6 11.Qe1 Nd4 12.Nxd4 cxd4 13.Nd5 Bxd5 14.Bxd5 Nxd5 15.exd5 Bg5
16.Qg3 Bxf4 17.Rxf4 Rc8 18.Raf1 Rxc2 19.Rf6 Qe7 20.Qxd6 Qe3+ 21.R6f2 Rxf2
22.Rxf2 Rc8 23.g3 Rc2 24.Qb8+ Kh7 25.Qf4 Rxf2 26.Qxf2 Kg6 27.Qxe3 dxe3 28.Kf1 Kf6
29.d4 Ke7 30.Ke2 Kd6 31.Kxe3 Kxd5 32.Kd3 f5 33.b3 b5 34.Ke3 g5 35.h3 b4 36.h4 a6
37.Kd3 f4 38.gxf4 gxf4 39.h5 a5 40.Ke2 Kxd4 41.Kf3 Ke5  0-1

[Event "Women's Open"]
[Site "St Petersburg RUS"]
[Date "2000.04.13"]
[Round "7"]
[White "Korbut,E"]
[Black "Rakitskaja,M"]
[Result "1-0"]
[WhiteElo "2294"]
[BlackElo "2162"]

1.e4 c5 2.Nf3 Nc6 3.Nc3 g6 4.d4 cxd4 5.Nxd4 Bg7 6.Be3 d6 7.Qd2 Nf6 8.f3 a6
9.g4 h6 10.O-O-O Bd7 11.h4 b5 12.Nxc6 Bxc6 13.Nd5 Bxd5 14.exd5 Qc7 15.Bd4 Kf8
16.Bh3 Nd7 17.Bxg7+ Kxg7 18.Qd4+ Kh7 19.h5 g5 20.Rhe1 Rhe8 21.Qe4+ Kg7 22.f4 Nf6
23.Qf5 Nh7 24.Bf1 Qc8 25.Re6 Nf8 26.fxg5 Nxe6 27.gxh6+ Kxh6 28.Qxf7 Rg8 29.Qxe7 Qf8
30.Qxe6+ Kg5 31.Bd3 Re8 32.Qf5+ Qxf5 33.Bxf5 Re5 34.b3 Rg7 35.Be6 Rc7 36.Rd2 Re1+
37.Kb2 Re3 38.Rh2 Kh6 39.Rf2 Kg5 40.Rf5+ Kh6 41.Rf6+ Kg7 42.Rg6+ Kh7 43.Bf5  1-0

[Event "RUS-Team"]
[Site "Smolensk RUS"]
[Date "2000.04.15"]
[Round "1"]
[White "Zhelnin,V"]
[Black "Lopushnoy,D"]
[Result "1/2-1/2"]
[WhiteElo "2489"]
[BlackElo "2420"]

1.e4 c5 2.Nc3 Nc6 3.Nge2 d6 4.d4 cxd4 5.Nxd4 Nf6 6.f4 g6 7.Nb3 Bg7 8.Be2 Be6
9.Be3 Qc8 10.O-O O-O 11.Kh1 Bg4 12.Bg1 Rb8 13.Qd2 b5 14.Bd3 Be6 15.f5 Bc4
16.Qe2 Bxd3 17.cxd3 b4 18.Nd5 Qb7 19.Rac1 Rfe8 20.Rc2 Nxd5 21.exd5 Ne5 22.d4 Nd7
23.fxg6 hxg6 24.Na5 Qb5 25.Nc6 Qxe2 26.Rxe2 Bf6 27.Nxb8 Rxb8 28.Rc1 Nb6 29.Rc7 Nxd5
30.Rxa7 Rc8 31.g3 Rc1 32.Ra8+ Kg7 33.Kg2 g5 34.Bf2 g4 35.a3 Bg5 36.Ra5 e6
37.axb4 Rc4 38.b5 Bd8 39.Ra3 Rb4 40.b3 Rxb5 41.Re5 Nf6 42.Re1 Ba5 43.Rb1 Bb4
44.Ra6 d5 45.Kf1 Ne4 46.Be1 Bc3 47.Bxc3 Nxc3 48.Rb2 Nd1 49.Rd2 Ne3+ 50.Ke2 Rxb3
51.Rd3 Rxd3 52.Kxd3 Nf5 53.Ra8 Kh7 54.Kc3 Kg7 55.Ra1 Kg6 56.Rf1 Nh6 57.Kb4 f5
58.Kc5 Nf7 59.Kc6 Kf6 60.Kd7 Ng5 61.Re1 Kf7 62.Re2 Kf6 63.Kd6 Ne4+ 64.Kc6 Ng5
65.Kb5 Nf3 66.Kc5 Ng1 67.Re3 Nh3 68.Kb4 Ng5 69.Kc3 Kg7 70.Kd3 Kf6 71.Re2 Nh3
72.Ke3 Kf7 73.Ra2 Kf6 74.Ra8 Kf7 75.Rh8 Kg7  1/2-1/2

[Event "ch-BC"]
[Site "Vancouver CAN"]
[Date "2000.04.21"]
[Round "2"]
[White "Poitras,L"]
[Black "Yoos,J"]
[Result "0-1"]
[WhiteElo "2101"]
[BlackElo "2371"]

1.e4 c5 2.Nc3 Nc6 3.Nge2 g6 4.d4 cxd4 5.Nxd4 Bg7 6.Be3 d6 7.Qd2 Nf6 8.f3 O-O
9.Bc4 Bd7 10.O-O-O Ne5 11.Bb3 Qa5 12.Kb1 Rfc8 13.h4 b5 14.Ncxb5 Qxd2 15.Rxd2 Rab8
16.a4 a6 17.Na3 Be8 18.Ka2 Kf8 19.c3 Nfd7 20.Ne2 Nb6 21.a5 Na4 22.Bxa4 Bxa4
23.Nc1 Bd7 24.Nd3 Be6+ 25.Ka1 Rb3 26.Nxe5 Bxe5 27.Bd4 Bf4 28.Rc2 f6 29.Rd1 h5
30.c4 Rb4 31.Bc3 Rbb8 32.Be1 Be5 33.Ka2 f5 34.b3 Kg7 35.Nb1 fxe4 36.fxe4 Rc5
37.Na3 Rf8 38.b4 Rcc8 39.Kb3 Rf4 40.Bg3 Rxe4 41.Bxe5+ Rxe5 42.Rd4 Rb8 43.Rc3 Rb7
44.Nc2 Rxa5 45.Re4 Kf6 46.Nd4 Re5 47.Rxe5 Kxe5 48.Re3+ Kxd4 49.Rxe6 a5 50.b5 d5
51.cxd5 Kxd5 52.Rxg6 Rxb5+ 53.Kc3 Ke4 54.g4 Rc5+ 55.Kd2 Kf4 56.gxh5 Rxh5
57.Re6 Re5 58.Rg6 Rd5+ 59.Ke2 e5 60.h5 Rb5 61.h6 Rb2+ 62.Kf1 Rh2 63.h7 Rxh7
64.Ra6 e4 65.Rxa5 Rh2 66.Ra3 Rb2 67.Ra8 Rb3 68.Ke1 Ke3 69.Kd1 Rd3+ 70.Kc2 Rd7  0-1

[Event "Doeberl Cup"]
[Site "Canbarra AUS"]
[Date "2000.04.22"]
[Round "4"]
[White "Tian,K"]
[Black "Weeks,Ma"]
[Result "1/2-1/2"]
[WhiteElo "2103"]
[BlackElo "2249"]

1.e4 c5 2.Nf3 Nc6 3.Nc3 g6 4.d4 cxd4 5.Nxd4 Bg7 6.Be3 Nf6 7.Bc4 O-O 8.Bb3 a5
9.a4 Ng4 10.Qxg4 Nxd4 11.Qh4 Nxb3 12.cxb3 Ra6 13.O-O Re6 14.Rfe1 f5 15.Bh6 Bxh6
16.Qxh6 Qb6 17.Nd5 Qd4 18.Qh4 fxe4 19.Nxe7+  1/2-1/2

[Event "ch-RSA"]
[Site "Port Elizabeth RSA"]
[Date "2000.04.24"]
[Round "4"]
[White "Van der Nat,N"]
[Black "De Villiers,C"]
[Result "1-0"]
[WhiteElo "2116"]
[BlackElo "2335"]

1.e4 c5 2.Nc3 Nc6 3.Nge2 g6 4.d4 cxd4 5.Nxd4 Bg7 6.Nb3 Bxc3+ 7.bxc3 Nf6 8.Bc4 Qc7
9.O-O Ne5 10.Bd3 Neg4 11.f4 Qb6+ 12.Nd4 d6 13.h3 Nh6 14.Be3 Qa5 15.Qf3 Nd7
16.e5 dxe5 17.fxe5 Nxe5 18.Bb5+ Qxb5 19.Nxb5 Nxf3+ 20.Rxf3 Nf5 21.Nc7+ Kd8
22.Nxa8 Nxe3 23.Rxe3 Be6 24.Re5 Kd7 25.Rb1 Rxa8 26.Rxb7+ Kc6 27.Reb5 Bxa2
28.Rb2 e5 29.Re7 Be6 30.Rbb7 a5 31.Rec7+ Kd6 32.c4 a4 33.Ra7 Rxa7 34.Rxa7 Bxc4
35.Rxa4 Kc5 36.g4 Kd4 37.Ra8 e4 38.Rd8+ Kc3 39.Kf2 Kxc2 40.g5 Be6 41.h4 Bg4
42.Ke3 Bf5 43.Rd5 Kc1 44.h5 Be6 45.Rc5+ Kd1 46.h6 Bf5 47.Rc7 Be6 48.Kxe4 Ke2
49.Rc2+ Kf1 50.Ke5  1-0

[Event "Israeli League"]
[Site "Ramat Aviv ISR"]
[Date "2000.04.28"]
[Round "9"]
[White "Kreizberg,M"]
[Black "Manor,I"]
[Result "0-1"]
[WhiteElo "2239"]
[BlackElo "2504"]

1.e4 c5 2.Nc3 Nc6 3.Bb5 Nd4 4.Bc4 e6 5.Nf3 a6 6.Nxd4 cxd4 7.Ne2 b5 8.Bb3 Bb7
9.d3 Bc5 10.O-O Ne7 11.Ng3 O-O 12.Qh5 Rc8 13.Bd2 Kh8 14.Kh1 f5 15.Bg5 f4
16.Ne2 Qc7 17.Bxe7 Bxe7 18.Nxd4 Bf6 19.c3 b4 20.Bc4 Bxe4 21.Bxa6 Bg6 22.Qf3 bxc3
23.bxc3 Rb8 24.Bc4 Qa5 25.Rac1 Rbc8 26.Rfe1 Qc5 27.Nb3 Qb6 28.a4 d5 29.a5 Qc6
30.Rxe6 Qxe6 31.Bxd5 Qd6 32.c4 Qa3 33.c5 Rb8 34.Rb1 Qxc5 35.a6 Qc2  0-1

[Event "Open"]
[Site "Dubai UAE"]
[Date "2000.05.01"]
[Round "4"]
[White "Al Modiahki,M"]
[Black "Shariyazdanov,A"]
[Result "1/2-1/2"]
[WhiteElo "2538"]
[BlackElo "2612"]

1.e4 c5 2.Nf3 Nc6 3.Nc3 e5 4.Bc4 d6 5.d3 Be7 6.O-O Nf6 7.Ng5 O-O 8.f4 exf4
9.Bxf4 h6 10.Nf3 Be6 11.Nd5 Bxd5 12.Bxd5 Nxd5 13.exd5 Ne5 14.Qd2 Ng6 15.Bg3 Bf6
16.c4 Re8 17.Rae1 Qd7 18.d4 cxd4 19.Nxd4 Rxe1 20.Rxe1 Be5 21.Bxe5 dxe5 22.Nb5 Re8
23.b3 a6 24.Nc3 b5 25.cxb5 axb5 26.Ne4 Nf4 27.d6 Rd8 28.h3 f6 29.Kh2 Qc6
30.Re3 f5 31.Qc3 Qe8 32.Nc5 Nd5 33.d7 Qf7 34.Qa5 Rxd7 35.Rxe5 Rd6 36.Qxb5 Qc7
37.Kg1 Nf6 38.Qc4+ Kh8 39.Rxf5 Rd1+ 40.Rf1 Rd2 41.Ne6 Qb6+ 42.Kh1 Qb7 43.Nf4 Rxa2
44.Ng6+ Kh7  1/2-1/2

[Event "New York Open"]
[Site "New York USA"]
[Date "2000.05.05"]
[Round "1"]
[White "Thorhallsson,T"]
[Black "Basas Gamazo,J"]
[Result "1-0"]
[WhiteElo "2489"]
[BlackElo "2104"]

1.e4 c5 2.Nf3 Nc6 3.Nc3 d6 4.d4 cxd4 5.Nxd4 Nf6 6.f3 e6 7.Be3 Be7 8.Qd2 O-O
9.g4 a6 10.O-O-O Nxd4 11.Bxd4 b5 12.h4 Bb7 13.Kb1 Nd7 14.g5 b4 15.Ne2 a5
16.Ng3 d5 17.e5 a4 18.Nh5 b3 19.Nf6+ gxf6 20.gxf6 bxc2+ 21.Kxc2 Kh8 22.Qh6 Rg8
23.Bd3 Nf8 24.Rhg1 Ng6 25.fxe7 Qxe7 26.h5 Qf8 27.Qg5  1-0

[Event "New York Open"]
[Site "New York USA"]
[Date "2000.05.05"]
[Round "1"]
[White "Mayer,Stev"]
[Black "Shabalov,A"]
[Result "0-1"]
[WhiteElo "2222"]
[BlackElo "2592"]

1.Nf3 c5 2.e4 Nc6 3.Nc3 g6 4.d4 cxd4 5.Nxd4 Bg7 6.Be3 Nf6 7.Bc4 O-O 8.Qd2 Ng4
9.Nxc6 bxc6 10.Bd4 Bh6 11.Qe2 d6 12.f3 c5 13.Bxc5 dxc5 14.fxg4 Qd4 15.h3 Bg5
16.Rd1 Bh4+ 17.Kf1 Qe5 18.Rd3 Be6 19.Bd5 Rab8 20.g3 Bxg3 21.Kg2 Bh4 22.b3 Rb4
23.Rf1 Rd4 24.Qf3 Bf6 25.Nb5 Rxd3 26.Qxd3 Rd8 27.Rd1 Bd7 28.Nxa7 e6 29.Bc4 Qb8
30.Qf3 Be7 31.Rxd7 Rxd7 32.Nc6 Rd2+ 33.Kf1 Qd6 34.Nxe7+ Qxe7 35.Bd3 Qg5 36.a4 Qe5
37.a5  0-1

[Event "Israeli League"]
[Site "Ramat Aviv ISR"]
[Date "2000.05.05"]
[Round "10"]
[White "Lipes,Y"]
[Black "Zisman,P"]
[Result "1-0"]
[WhiteElo "2204"]
[BlackElo "2255"]

1.e4 c5 2.Nf3 Nc6 3.Nc3 Nf6 4.d4 cxd4 5.Nxd4 e5 6.Ndb5 d6 7.Bg5 a6 8.Bxf6 gxf6
9.Na3 b5 10.Nd5 f5 11.c3 Bg7 12.exf5 Bxf5 13.Nc2 Be6 14.a4 bxa4 15.Rxa4 a5
16.Nce3 Rb8 17.Bd3 Rxb2 18.Rc4 Bd7 19.Qh5 Ne7 20.Nxe7 Qxe7 21.O-O Be6 22.Nf5 Bxf5
23.Qxf5 Rb8 24.Bc2 Qe6 25.Ba4+ Kf8 26.Qd3 Bf6 27.f4 Rg8 28.Bc6 Rg7 29.Bd5 Qe7
30.Qf5 Kg8 31.fxe5 Bxe5 32.Ra4 Bxc3 33.Qh5 Qe3+ 34.Kh1 Qf2 35.Bc4 Rg4 36.Qxg4+ Bg7
37.Rxf2  1-0

[Event "Israeli League"]
[Site "Ramat Aviv ISR"]
[Date "2000.05.05"]
[Round "10"]
[White "Bitansky,I"]
[Black "Reznik,V"]
[Result "1/2-1/2"]
[WhiteElo "2322"]
[BlackElo "2296"]

1.e4 c5 2.Nf3 Nc6 3.Nc3 d6 4.d4 cxd4 5.Nxd4 Nf6 6.Bc4 e6 7.Be3 Qc7 8.Bb3 a6
9.Qe2 Na5 10.O-O-O b5 11.f3 Bb7 12.Rhe1 Nxb3+ 13.axb3 Be7 14.g4 O-O 15.g5 Nd7
16.h4 b4 17.Nb1 Nc5 18.Nd2 a5 19.Kb1 a4 20.h5 Rfc8 21.g6 Bf6 22.gxf7+ Qxf7
23.bxa4 Rxa4 24.N2b3 e5 25.Nxc5 Qa2+ 26.Kc1 exd4 27.Nxa4 dxe3 28.Qxe3 Qa1+
29.Kd2 Qxa4 30.Qb3+ Qxb3 31.cxb3 Bxb2 32.Ke3 Be5 33.Rc1 Rf8 34.Rc7 Ba6 35.Ra7 Bb5
36.Rb7 Ba6 37.Ra7 Bb5 38.Rb7 Bc6 39.Rb6 Bf4+ 40.Ke2 Be8 41.Rh1 Bd7 42.Rxb4 Rc8
43.Rb7 Be6 44.Ra1 Be5 45.Raa7 h6  1/2-1/2

[Event "New York Open"]
[Site "New York USA"]
[Date "2000.05.06"]
[Round "3"]
[White "Kekelidze,M"]
[Black "Grischuk,A"]
[Result "1/2-1/2"]
[WhiteElo "2461"]
[BlackElo "2581"]

1.e4 c5 2.Nf3 Nc6 3.Nc3 d6 4.d4 cxd4 5.Nxd4 Nf6 6.f3 e5 7.Nb3 Be7 8.Be3 O-O
9.Qd2 a5 10.Bb5 Na7 11.Be2 Nc6 12.Bb5 Na7 13.Be2 Nc6 14.Bb5  1/2-1/2

[Event "Open"]
[Site "Dubai UAE"]
[Date "2000.05.07"]
[Round "9"]
[White "Ermenkov,E"]
[Black "Kharlov,A"]
[Result "1-0"]
[WhiteElo "2449"]
[BlackElo "2616"]

1.e4 c5 2.Nc3 Nc6 3.Nge2 d6 4.d4 cxd4 5.Nxd4 Nf6 6.Be2 g6 7.Nb3 Bg7 8.O-O O-O
9.Re1 a5 10.Bb5 Ne8 11.a4 Nc7 12.Bf1 Be6 13.Be3 Bxb3 14.cxb3 Na6 15.Re2 Nc5
16.f3 Nb4 17.Rd2 Rc8 18.Bc4 Qd7 19.Qe2 Rfd8 20.Rad1 Qe8 21.f4 Nc6 22.Bf2 e5
23.Nb5 Nd4 24.Nxd4 exd4 25.Bh4 Rd7 26.Bb5 Rc6 27.Re1 Nxb3 28.Rdd1 Rdc7 29.e5 dxe5
30.fxe5 Qe6 31.Bxc6 bxc6 32.Bf6 c5 33.Bxg7 Kxg7 34.Rf1 c4 35.Qe4 d3 36.Rf6 Qe7
37.Qf4 d2 38.h4 Qc5+ 39.Kh2 h6 40.Rf1 Qe7 41.e6 fxe6 42.h5 g5 43.Qe5 Kg8
44.Rxh6  1-0

[Event "New York Open"]
[Site "New York USA"]
[Date "2000.05.07"]
[Round "5"]
[White "David,Alb"]
[Black "Clavijo,J"]
[Result "1-0"]
[WhiteElo "2520"]
[BlackElo "2388"]

1.e4 c5 2.Nc3 Nc6 3.Nf3 g6 4.d4 cxd4 5.Nxd4 Bg7 6.Be3 Nf6 7.Bc4 O-O 8.Bb3 d6
9.f3 Bd7 10.Qd2 Nxd4 11.Bxd4 b5 12.O-O-O a5 13.Nd5 Nxd5 14.Bxg7 Kxg7 15.Bxd5 Rb8
16.e5 e6 17.Be4 d5 18.Bd3 b4 19.h4 h5 20.g4 Rh8 21.Rdg1 Bb5 22.Bxb5 Rxb5
23.f4 hxg4 24.Rxg4 Rh5 25.Qf2 Qb6 26.Qg3 Qc7 27.Rg1 Kf8 28.Rg5 Rxg5 29.Qxg5 a4
30.h5 b3 31.axb3 axb3 32.c3 d4 33.Qh6+ Ke7 34.hxg6 dxc3 35.Qh4+ Kd7 36.Rd1+ Kc8
37.Qd8+ Qxd8 38.Rxd8+ Kxd8 39.g7 c2 40.g8=Q+ Ke7 41.Qc8  1-0